00649nam a2200157 a 450000100100000000500170001000800410002704000250006810000270009324500480012026000980016830000210026604900090028795201780029699900170047400003500420200930074036.0111024s1958 cu 000 0 spa d aDO-SdBNPbspacBNPHU1 aIznaga, Alcides96061814aLos valedontes :bnovela /cAlcides Iznaga. aLa Habana :bUniversidad Central de las Villas, Departamento de Relaciones Culturales,c1958. a202 p. ;c21 cm. aBNPD 001050718MOaGRbGRcCTd2011-10-24iLF1l0o p35004-10r2020-06-25w2020-06-25y1zPerteneció a la biblioteca personal de Juan Isidro Jimenes Grullón.ZNo se presta c34495d34495